|
|
|
|
| LEADER |
01242nam a2200349Ia 4500 |
| 001 |
EBC3385446 |
| 003 |
MiAaPQ |
| 005 |
20200520144314.0 |
| 006 |
m o d | |
| 007 |
cr cn||||||||| |
| 008 |
130107s2008 enka sb 001 0 eng d |
| 020 |
|
|
|z 9780954809713
|
| 020 |
|
|
|a 9781908663047 (electronic bk.)
|
| 035 |
|
|
|a (MiAaPQ)EBC3385446
|
| 035 |
|
|
|a (Au-PeEL)EBL3385446
|
| 035 |
|
|
|a (CaPaEBR)ebr10638806
|
| 035 |
|
|
|a (CaONFJC)MIL450310
|
| 035 |
|
|
|a (OCoLC)923327219
|
| 040 |
|
|
|a MiAaPQ
|c MiAaPQ
|d MiAaPQ
|
| 050 |
|
4 |
|a HE199.5.P4
|b D73 2008
|
| 100 |
1 |
|
|a Draffin, Nigel.
|
| 245 |
1 |
3 |
|a An introduction to bunkering
|h [electronic resource] /
|c by Nigel Draffin.
|
| 250 |
|
|
|a 1st ed.
|
| 260 |
|
|
|a England :
|b Petrospot,
|c 2008.
|
| 300 |
|
|
|a xiv, 102 p. :
|b ill.
|
| 504 |
|
|
|a Includes bibliographical references and index.
|
| 533 |
|
|
|a Electronic reproduction. Ann Arbor, MI : ProQuest, 2015. Available via World Wide Web. Access may be limited to ProQuest affiliated libraries.
|
| 650 |
|
0 |
|a Oil transfer operations.
|
| 650 |
|
0 |
|a Petroleum
|x Transportation.
|
| 655 |
|
4 |
|a Electronic books.
|
| 710 |
2 |
|
|a ProQuest (Firm)
|
| 856 |
4 |
0 |
|u https://ebookcentral.proquest.com/lib/matrademy/detail.action?docID=3385446
|z Click to View
|